000 00326 a2200157 4500
001 186396
020 _a85-7272-131-2
040 _cMagnum
100 _aArrabal, Jose
240 1 0 _aA ira do curupira
_lpor
245 1 0 _aA ira do curupira
300 _a63
362 0 _a2001
697 _aLITERATURA INFANTO
942 _cBK
999 _c186396
_d186396